000 00622nam a2200241Ia 4500
003 OSt
005 20220918182307.0
006 a|||||r|||| 00| 0
007 ta
008 220917b |||||||| |||| 00| 0 eng d
024 _a31,771
037 _cTextual
040 _aARTS
_cARTS
_beng
041 _2eng
_aeng
082 _aO111,1J52:g, L0
100 _aRead W. A.
_959986
245 0 _aKeats and Spencer
260 _aHeidelberg
_bGeisendorfer
_c1970
300 _a59p.
_ccm.
650 _aENGLISH LITERATURE
942 _hO111,1J52:g, L0
_cTEXL
_2CC
999 _c168463
_d168463